| 000 | 00530nam a2200133Ia 4500 | ||
|---|---|---|---|
| 008 | 220616s9999||||xx |||||||||||||| ||und|| | ||
| 020 | _a9782890000000 | ||
| 245 | 0 | _aNeuroprotection in Brain Hypoxia | |
| 546 | _aEnglish[eng] | ||
| 650 | _aneuroprotection||brain hypoxia||pathophysioloy||pharmacology||genetics | ||
| 700 | _aOtero-Losada, Matilde||Wandosell, Francisco G.||Miguel Garcia-Segura, Luis||Capani, Francisco | ||
| 856 | _uhttps://www.frontiersin.org/research-topics/5872/neuroprotection-in-brain-hypoxia | ||
| 942 | _cEB | ||
| 999 |
_c19528 _d19528 |
||